000 00650nam a22002057a 4500
999 _c4387
_d4387
003 AR-CdUCM
008 190308b ||||| |||| 00| 0 spa d
040 _aMUNICIPALIDAD PROVINCIAL DEL CUSCO
_cBIBLIOTECA MUNICIPAL DEL CUSCO
082 _a869.16 /
_bC227
100 _aCano, Lucia
_913851
245 _aVirgen Andariega /
260 _aMéxico :
_bAzar,
_c2002.
300 _a72 paginas ;
_c20 cm.
505 _aContenido : Y yo supe por que -- Esta noche Monologo -- oración ...
650 _aLiteratura mexicana
_92532
650 _aLiteratura americana
_912159
650 _aLiteratura universal
_9611
942 _2ddc
_cLIBROS
945 _arah